000 00894nam a2200265 i 4500
001 bg
003 BPK
005 20210622140112.0
008 961010s1979 pl f f |000 0 pol
040 _cBPK
041 _apol
080 _a528
080 _a(075.8+076)
100 1 _aZąbek, Jerzy.
245 0 _aĆwiczenia z geodezji.
_nCz. 2 /
_cJerzy Ząbek, Zdzisław Adamczewski, Stanisław Kwiatkowski.
250 _aWyd.6.
260 _aWarszawa :
_bPaństwowe Wydawnictwo Naukowe :
_c1979.
300 _a344, [1] k. tabl. :
_bil. ;
_c24 cm.
650 4 _aGeodezja
655 4 _aĆwiczenia i zadania dla szkół wyższych
700 1 _aKwiatkowski, Stanisław
_d(1926- ).
700 1 _aAdamczewski, Zdzisław
_d(1931-2018)
_eAutor
856 _uhttp://koha.tu.koszalin.pl/cgi-bin/koha/opac-detail.pl?biblionumber=2923
_yKatalog online BPK
942 _cKS
_2UKD
999 _c2923
_d2923